Entry Toplantı Adı
001 - KONTROL NUMARASI
- Kontrol alanı: 118045
003 - KONTROL NUMARASI KİMLİĞİ
- Kontrol alanı: TR-BiSEU
005 - SON İŞLEM TARİHİ VE ZAMANI
- Kontrol alanı: 20260207004446.0
008 - SABİT UZUNLUKTAKİ VERİ ÖGELERİ - GENEL BİLGİ
- Sabit uzunlukta kontrol alanı: 260207|| aca||aabn | a|a d
040 ## - KATALOGLAMA KAYNAĞI
- Özgün kataloglama kurumu: TR-BiSEU
- Çeviri kurumu: TR-BiSEU
111 ## - KONU BAŞLIKLARI - TOPLANTI ADI
- Toplantı adı: Uluslararası Türklerde Tarih Bilinci ve Tarih Yazıcılığı Sempozyumu (1.: 2014 :Zonguldak, Türkiye)
670 ## - BİLGİNİN KAYNAĞI
- Bilginin alındığı kaynak: KOHA: (TR-BiSEU)63442: Uluslararası Türklerde Tarih Bilinci ve Tarih Yazıcılığı Sempozyumu (1.: 2014 :Zonguldak, Türkiye), I. Uluslararası Türklerde tarih bilinci ve tarih yazıcılığı sempozyumu, (23-25 Ekim 2014 ZonguldakTürkiye) bildiriler kitabı/
